[Event "HUN-chT3 9900"]
[Site "Hungary"]
[Date "2000.02.27"]
[Round "8"]
[White "Goczan, Laszlo"]
[Black "Molnar, Jozsef"]
[Result "0-1"]
[WhiteElo "2252"]
[BlackElo "2173"]
[PlyCount "20"]
[EventDate "1999.09.26"]
[EventType "team"]
[EventRounds "11"]
[EventCountry "HUN"]
[SourceTitle "EXT 2002"]
[Source "ChessBase"]
[SourceDate "2001.11.25"]
[SourceVersion "1"]
[SourceVersionDate "2001.11.25"]
[SourceQuality "1"]

1. d4 d5 2. Nf3 Nf6 3. e3 Bg4 4. c4 e6 5. Qb3 b6 6. Ne5 c6 7. Bd3 Bd6 8. Nxg4 Nxg4 9. h3 Qh4 10. Qc2 Nxf2 0-1

[Event "HUN-chT3 9900"]
[Site "Hungary"]
[Date "2000.01.23"]
[Round "6"]
[White "Goczan, Laszlo"]
[Black "Novothny, Andras"]
[Result "1/2-1/2"]
[WhiteElo "2252"]
[BlackElo "2330"]
[PlyCount "20"]
[EventDate "1999.09.26"]
[EventType "team"]
[EventRounds "11"]
[EventCountry "HUN"]
[SourceTitle "EXT 2002"]
[Source "ChessBase"]
[SourceDate "2001.11.25"]
[SourceVersion "1"]
[SourceVersionDate "2001.11.25"]
[SourceQuality "1"]

1. d4 d5 2. Nf3 e6 3. Be3 f5 4. Ne5 Nf6 5. g3 Bd6 6. Nd3 0-0 7. Bg2 Bd7 8. 0-0 Be8 9. Nd2 Bh5 10. f3 Nbd7 1/2-1/2

[Event "HUN-chT3 9900"]
[Site "Hungary"]
[Date "1999.11.14"]
[Round "4"]
[White "Bereczki, Janos"]
[Black "Goczan, Laszlo"]
[Result "1/2-1/2"]
[WhiteElo "2125"]
[BlackElo "2252"]
[PlyCount "54"]
[EventDate "1999.09.26"]
[EventType "team"]
[EventRounds "11"]
[EventCountry "HUN"]
[SourceTitle "EXT 2002"]
[Source "ChessBase"]
[SourceDate "2001.11.25"]
[SourceVersion "1"]
[SourceVersionDate "2001.11.25"]
[SourceQuality "1"]

1. d4 Nf6 2. Nf3 e6 3. g3 b6 4. Bg2 Bb7 5. 0-0 c5 6. c3 Be7 7. Bg5 0-0 8. e3 d6 9. Bxf6 Bxf6 10. Re1 Qc7 11. Nbd2 Nc6 12. Rc1 b5 13. Ne4 Be7 14. Qd3 Qb6 15. Neg5 g6 16. h4 Bf6 17. h5 c4 18. Qb1 Qd8 19. Ne4 Bg7 20. hxg6 fxg6 21. Nfg5 Qe7 22. f4 Nd8 23. Qc2 Bh6 24. Nh3 Rb8 25. b4 Bd5 26. a4 a6 27. axb5 axb5 1/2-1/2

[Event "HUN-chT2 9899"]
[Site "Hungary"]
[Date "1998.??.??"]
[Round "?"]
[White "Goczan, Laszlo"]
[Black "Dolgener, Tobias"]
[Result "1/2-1/2"]
[WhiteElo "2205"]
[BlackElo "2270"]
[PlyCount "79"]
[EventDate "1998.??.??"]
[EventType "team"]
[EventRounds "12"]
[EventCountry "HUN"]
[SourceTitle "EXT 2000"]
[Source "ChessBase"]
[SourceDate "1999.11.16"]
[SourceVersion "1"]
[SourceVersionDate "1999.11.16"]
[SourceQuality "1"]

1. d4 Nf6 2. c4 g6 3. Nc3 d5 4. Nf3 Bg7 5. Bg5 Ne4 6. cxd5 Nxg5 7. Nxg5 c6 8. Qb3 0-0 9. Nf3 cxd5 10. Qxd5 Qb6 11. Qb5 Bxd4 12. Nxd4 Qxd4 13. Rd1 Qg7 14. e3 Nc6 15. Be2 Rb8 16. 0-0 Be6 17. Rd2 Rfc8 18. Rfd1 Qe5 19. Nd5 Kf8 20. Bf3 Rd8 21. g3 Rd7 22. Qe2 Rbd8 23. Nc3 Rxd2 24. Rxd2 Rxd2 25. Qxd2 Qa5 26. Bd5 Bxd5 27. Qxd5 Qxd5 28. Nxd5 e6 29. Nc3 Ke7 30. Kf1 f5 31. Ke2 Kd6 32. e4 e5 33. Ke3 a6 34. h4 Na5 35. b3 Nc6 36. Nd5 Ke6 37. Kd3 Nd4 38. Ke3 Nc6 39. Kd3 Nd4 40. Ke3 1/2-1/2

[Event "HUN-chT2 9899"]
[Site "Hungary"]
[Date "1998.??.??"]
[Round "?"]
[White "Goczan, Laszlo"]
[Black "Gaber, Jozsef"]
[Result "1-0"]
[WhiteElo "2205"]
[BlackElo "2205"]
[PlyCount "73"]
[EventDate "1998.??.??"]
[EventType "team"]
[EventRounds "12"]
[EventCountry "HUN"]
[SourceTitle "EXT 2000"]
[Source "ChessBase"]
[SourceDate "1999.11.16"]
[SourceVersion "1"]
[SourceVersionDate "1999.11.16"]
[SourceQuality "1"]

1. d4 Nf6 2. c4 c5 3. d5 e6 4. Nc3 exd5 5. cxd5 d6 6. e4 g6 7. f4 Bg7 8. Nf3 0-0 9. Be2 Nbd7 10. 0-0 Re8 11. Nd2 a6 12. a4 Rb8 13. a5 Qc7 14. Ra3 b5 15. axb6 Rxb6 16. Qc2 Qb8 17. h3 h5 18. Bc4 Bb7 19. Qd3 Qc8 20. Nf3 Rb4 21. Re1 Nb6 22. b3 Nfd7 23. Na2 Nxc4 24. bxc4 Rb6 25. Bd2 Qb8 26. Bc3 Bc8 27. Bxg7 Kxg7 28. Nc1 Rb4 29. Qc3+ Kg8 30. Nd2 Qc7 31. Nd3 Rb8 32. e5 Qd8 33. Ne4 dxe5 34. fxe5 Qh4 35. Raa1 f6 36. g3 Qxh3 37. Ndf2 1-0

[Event "Budapest vadnyit op"]
[Site "Budapest"]
[Date "1998.??.??"]
[Round "?"]
[White "Goczan, Laszlo"]
[Black "Harmatosi, Jozsef"]
[Result "1/2-1/2"]
[WhiteElo "2205"]
[BlackElo "2180"]
[PlyCount "81"]
[EventDate "1998.??.??"]
[EventType "swiss"]
[EventRounds "9"]
[EventCountry "HUN"]
[SourceTitle "EXT 2002"]
[Source "ChessBase"]
[SourceDate "2001.11.25"]
[SourceVersion "1"]
[SourceVersionDate "2001.11.25"]
[SourceQuality "1"]

1. d4 Nf6 2. Nf3 b6 3. e3 e6 4. Bd3 c5 5. 0-0 Be7 6. dxc5 bxc5 7. c4 Nc6 8. e4 d6 9. Nc3 e5 10. h3 Nd4 11. Kh2 0-0 12. Ng1 Rb8 13. b3 Bd7 14. f4 a5 15. Bc2 Bc6 16. a4 Qb6 17. Rb1 Qb7 18. Re1 Rfe8 19. f5 Rec8 20. Nf3 Ne8 21. Nd2 Nc7 22. Nb5 Na6 23. Rb2 Nb4 24. Bb1 Rd8 25. Nf3 Be8 26. g4 Nbc6 27. Nd2 Bg5 28. Kg2 Qe7 29. Nf1 Bxc1 30. Qxc1 Nb4 31. Qe3 Bc6 32. Ng3 h6 33. Nf1 Qg5 34. Ng3 Rb7 35. Rf2 Qxe3 36. Rxe3 Na6 37. Nf1 Nc7 38. Nd2 Ne8 39. Kf1 Kf8 40. Ke1 Ke7 41. Kf1 1/2-1/2

[Event "HUN-chT2"]
[Site "Hungary"]
[Date "1996.??.??"]
[Round "?"]
[White "Goczan, Laszlo"]
[Black "Meszaros, Gyula"]
[Result "0-1"]
[WhiteElo "2215"]
[BlackElo "2240"]
[PlyCount "87"]
[EventDate "1996.??.??"]
[EventType "team"]
[EventRounds "13"]
[EventCountry "HUN"]
[SourceTitle "EXT 2006"]
[Source "ChessBase"]
[SourceDate "2005.11.24"]
[SourceVersion "1"]
[SourceVersionDate "2005.11.24"]
[SourceQuality "1"]

1. d4 Nf6 2. Nf3 g6 3. g3 b6 4. Bg2 Bb7 5. c4 c5 6. 0-0 Bg7 7. Nc3 cxd4 8. Nxd4 Bxg2 9. Kxg2 Qc8 10. Qa4 0-0 11. f3 Qb7 12. Rd1 Rc8 13. e4 Nc6 14. Be3 Ne5 15. b3 a6 16. Rac1 d6 17. Qb4 Nfd7 18. Nd5 Bf8 19. Qd2 Nc5 20. Qe2 e6 21. Nc3 Rc7 22. Kg1 Re8 23. f4 Ned7 24. Bf2 Nf6 25. Re1 d5 26. cxd5 exd5 27. e5 Nfe4 28. Be3 b5 29. Nxe4 dxe4 30. Rc2 Rd7 31. Rd1 Red8 32. Rcd2 Nd3 33. Nc2 Qc6 34. Ne1 Bc5 35. Nxd3 exd3 36. Rxd3 Qe4 37. Bxc5 Qxe2 38. Rxd7 Qxd1+ 39. Rxd1 Rxd1+ 40. Kg2 Rd2+ 41. Kh3 Rxa2 42. g4 a5 43. f5 gxf5 44. gxf5 0-1

[Event "Sarospatak op"]
[Site "Sarospatak"]
[Date "1994.??.??"]
[Round "?"]
[White "Goczan, Laszlo"]
[Black "Volosin, Vladimir"]
[Result "1/2-1/2"]
[WhiteElo "2200"]
[BlackElo "2295"]
[PlyCount "42"]
[EventDate "1994.??.??"]
[EventType "swiss"]
[EventRounds "9"]
[EventCountry "HUN"]
[SourceTitle "EXT 1999"]
[Source "ChessBase"]
[SourceDate "1998.11.16"]
[SourceVersion "1"]
[SourceVersionDate "1998.11.16"]
[SourceQuality "1"]

1. d4 Nf6 2. c4 e6 3. Nc3 Bb4 4. f3 d5 5. a3 Bxc3+ 6. bxc3 c5 7. cxd5 exd5 8. e3 0-0 9. Bd3 b6 10. Ne2 Ba6 11. 0-0 Bxd3 12. Qxd3 Re8 13. Ng3 Nc6 14. Ra2 Rc8 15. Re2 Qd7 16. Bb2 Rc7 17. e4 dxe4 18. fxe4 Ne5 19. Qd1 cxd4 20. cxd4 Nc4 21. Bc1 Qc6 1/2-1/2

[Event "HUN-chT2 9394"]
[Site "Hungary"]
[Date "1994.??.??"]
[Round "?"]
[White "Kadlicsko, Jozsef"]
[Black "Goczan, Laszlo"]
[Result "0-1"]
[WhiteElo "2205"]
[BlackElo "2200"]
[PlyCount "82"]
[EventDate "1993.??.??"]
[EventType "team"]
[EventRounds "13"]
[EventCountry "HUN"]
[SourceTitle "TD"]
[Source "ChessBase"]
[SourceDate "1994.03.01"]
[SourceVersion "1"]
[SourceVersionDate "1994.03.01"]
[SourceQuality "1"]

1. d4 Nf6 2. Nf3 g6 3. g3 Bg7 4. Bg2 0-0 5. 0-0 d6 6. c4 c5 7. d5 Na6 8. Nc3 Nc7 9. Qd3 Rb8 10. e4 a6 11. a4 b5 12. Re1 bxc4 13. Qxc4 Nd7 14. a5 Rb4 15. Qe2 Ne5 16. Nxe5 Bxe5 17. Bh6 Bg7 18. Bxg7 Kxg7 19. f4 Bd7 20. Ra3 Qb8 21. e5 Rxb2 22. Qd1 Qb4 23. Qa1 Qd4+ 24. Kh1 Rfb8 25. exd6 exd6 26. Ne4 Ne8 27. Rd1 Qxd1+ 28. Qxd1 Rb1 29. Ra1 Rxd1+ 30. Rxd1 Rb5 31. Ra1 Rb2 32. Kg1 Bb5 33. Nc3 Nc7 34. Re1 Bc4 35. Re7 Nb5 36. Nxb5 Bxb5 37. Rb7 c4 38. Rc7 Ra2 39. Bf1 Rxa5 40. Bxc4 Ra1+ 41. Kf2 Rc1 0-1

[Event "Sarospatak op"]
[Site "Sarospatak"]
[Date "1994.??.??"]
[Round "2"]
[White "Kotan, Ladislav"]
[Black "Goczan, Laszlo"]
[Result "1-0"]
[WhiteElo "2320"]
[BlackElo "2200"]
[PlyCount "117"]
[EventDate "1994.??.??"]
[EventType "swiss"]
[EventRounds "9"]
[EventCountry "HUN"]
[SourceTitle "EXT 1999"]
[Source "ChessBase"]
[SourceDate "1998.11.16"]
[SourceVersion "1"]
[SourceVersionDate "1998.11.16"]
[SourceQuality "1"]

1. e4 e5 2. Nf3 Nc6 3. Bb5 f5 4. d3 fxe4 5. dxe4 Nf6 6. 0-0 d6 7. Qe2 Be6 8. c3 Be7 9. Ng5 Bg8 10. Bc4 Bxc4 11. Qxc4 d5 12. exd5 Qxd5 13. Qa4 0-0 14. Rd1 b5 15. Rxd5 bxa4 16. Rd1 Bc5 17. Ne6 Ne4 18. Nxc5 Nxc5 19. Be3 Ne6 20. Nd2 Nf4 21. Nc4 Rab8 22. Rd7 Rf7 23. Rad1 Rxd7 24. Rxd7 Ne6 25. g3 a6 26. Kg2 e4 27. Rd5 Rb5 28. Rxb5 axb5 29. Nd2 Ne5 30. Nxe4 Nc4 31. Bc1 Kf7 32. f4 h6 33. Kf3 Nb6 34. b3 Kg6 35. g4 Kf7 36. f5 Nd8 37. Nc5 Nd5 38. Bd2 axb3 39. axb3 Ke7 40. Nd3 Nf7 41. h4 Kd6 42. c4 bxc4 43. bxc4 Nf6 44. Bc3 Nd8 45. Bb4+ Kc6 46. Bf8 Ne8 47. Ne5+ Kb6 48. Kf4 Nb7 49. Nd3 Kc6 50. Ke5 Nbd6 51. c5 Nc4+ 52. Ke6 Ne3 53. Ne5+ Kb5 54. g5 Ng2 55. gxh6 gxh6 56. h5 Nf4+ 57. Kf7 Nd6+ 58. Bxd6 cxd6 59. cxd6 1-0

[Event "HUN-chT2 9394"]
[Site "Hungary"]
[Date "1994.??.??"]
[Round "?"]
[White "Racz, Zoltan"]
[Black "Goczan, Laszlo"]
[Result "1-0"]
[WhiteElo "2260"]
[BlackElo "2200"]
[PlyCount "57"]
[EventDate "1993.??.??"]
[EventType "team"]
[EventRounds "13"]
[EventCountry "HUN"]
[SourceTitle "TD"]
[Source "ChessBase"]
[SourceDate "1994.03.01"]
[SourceVersion "1"]
[SourceVersionDate "1994.03.01"]
[SourceQuality "1"]

1. e4 e5 2. Nf3 Nc6 3. Bb5 f5 4. d3 fxe4 5. dxe4 Nf6 6. 0-0 d6 7. Nc3 a6 8. Bxc6+ bxc6 9. Ne1 Be7 10. f4 exf4 11. Bxf4 0-0 12. Qe2 Kh8 13. h3 Nd7 14. Rd1 Bb7 15. e5 d5 16. Nd3 c5 17. e6 Nf6 18. Ne5 Kg8 19. Nf7 Qc8 20. Bg5 Re8 21. Bxf6 Bxf6 22. Rxf6 gxf6 23. Re1 Kf8 24. Nh6 Kg7 25. Qh5 Re7 26. Nf5+ Kf8 27. Nxe7 Kxe7 28. Qf7+ Kd6 29. e7 1-0

[Event "Sarospatak op"]
[Site "Sarospatak"]
[Date "1994.??.??"]
[Round "?"]
[White "Varga, Karoly"]
[Black "Goczan, Laszlo"]
[Result "0-1"]
[WhiteElo "2305"]
[BlackElo "2200"]
[PlyCount "62"]
[EventDate "1994.??.??"]
[EventType "swiss"]
[EventRounds "9"]
[EventCountry "HUN"]
[SourceTitle "EXT 1999"]
[Source "ChessBase"]
[SourceDate "1998.11.16"]
[SourceVersion "1"]
[SourceVersionDate "1998.11.16"]
[SourceQuality "1"]

1. c4 e5 2. Nc3 d6 3. g3 c5 4. Bg2 g6 5. e4 Bg7 6. Nge2 Ne7 7. 0-0 0-0 8. d3 Nbc6 9. Be3 Nd4 10. Qd2 Rb8 11. a4 b6 12. Bxd4 exd4 13. Nd5 Nxd5 14. cxd5 Bd7 15. f4 f5 16. b4 fxe4 17. Bxe4 Bf5 18. Rab1 Qe7 19. Qc2 Rbe8 20. Bxf5 Rxf5 21. g4 Rff8 22. Ng3 Qh4 23. Qd1 Re3 24. Ne4 h5 25. gxh5 gxh5 26. f5 Be5 27. Rb2 Kf7 28. bxc5 Rg8+ 29. Kh1 dxc5 30. d6 c4 31. dxc4 Qxe4+ 0-1

[Event "Budapest Spring op 08th"]
[Site "Budapest"]
[Date "1992.??.??"]
[Round "?"]
[White "Stern, Rene"]
[Black "Goczan, Laszlo"]
[Result "1-0"]
[WhiteElo "2395"]
[BlackElo "2245"]
[PlyCount "93"]
[EventDate "1992.03.??"]
[EventType "swiss"]
[EventRounds "9"]
[EventCountry "HUN"]
[SourceTitle "CBM 030 Extra"]
[Source "ChessBase"]
[SourceDate "1992.11.01"]
[SourceVersion "1"]
[SourceVersionDate "1992.11.01"]
[SourceQuality "1"]

1. d4 Nf6 2. c4 e5 3. dxe5 Ng4 4. e4 Nxe5 5. f4 Nec6 6. Be3 Bb4+ 7. Nd2 Qh4+ 8. g3 Qe7 9. Bg2 0-0 10. Ne2 a5 11. 0-0 Na6 12. Nb3 a4 13. Nbd4 Nxd4 14. Nxd4 a3 15. Nf5 Qe6 16. bxa3 Bxa3 17. Qd3 Be7 18. e5 Bc5 19. Nd4 Qe7 20. Be4 g6 21. Nc2 Nb4 22. Bxc5 Qxc5+ 23. Qd4 Qxd4+ 24. Nxd4 Rxa2 25. Rxa2 Nxa2 26. Nb5 c6 27. Nd6 Nc3 28. Ra1 b5 29. Bc2 Ne2+ 30. Kf2 Nd4 31. Bd1 Nf5 32. Nxf5 gxf5 33. cxb5 cxb5 34. Be2 b4 35. Rb1 Bb7 36. Rxb4 Bd5 37. Bd3 Be6 38. g4 fxg4 39. f5 f6 40. Rxg4+ Kh8 41. fxe6 fxe5+ 42. Ke3 dxe6 43. Rh4 Rf7 44. Rh6 Rd7 45. Rxe6 Kg7 46. Rxe5 h6 47. Re6 1-0

[Event "HUN-chT"]
[Site "Hungary"]
[Date "1991.??.??"]
[Round "?"]
[White "Goczan, Laszlo"]
[Black "Laszlo, Janos"]
[Result "1/2-1/2"]
[WhiteElo "2230"]
[BlackElo "2280"]
[PlyCount "82"]
[EventDate "1991.??.??"]
[EventType "team"]
[EventRounds "9"]
[EventCountry "HUN"]
[SourceTitle "TD"]
[Source "ChessBase"]
[SourceDate "1994.03.01"]
[SourceVersion "1"]
[SourceVersionDate "1994.03.01"]
[SourceQuality "1"]

1. d4 Nf6 2. c4 c5 3. d5 d6 4. Nc3 g6 5. e4 Bg7 6. Be2 e6 7. f4 exd5 8. cxd5 0-0 9. Nf3 Bg4 10. 0-0 a6 11. a4 Bxf3 12. Bxf3 Nbd7 13. g4 h6 14. Be3 Re8 15. Qd2 Rb8 16. h4 b5 17. axb5 axb5 18. e5 b4 19. Na4 dxe5 20. f5 e4 21. Be2 Ne5 22. fxg6 fxg6 23. Nxc5 Qxd5 24. Na6 Qxd2 25. Bxd2 Rbd8 26. Bxb4 Nd3 27. Bc3 Nd5 28. Bxg7 Kxg7 29. Bxd3 exd3 30. Nc5 Re7 31. Rfd1 Nf4 32. Ra4 g5 33. hxg5 hxg5 34. Re4 Rxe4 35. Nxe4 Kg6 36. Kf2 Rc8 37. Ke3 Rc2 38. Rd2 Rc1 39. Nf2 Re1+ 40. Kf3 Re2 41. Ne4 Re1 1/2-1/2

[Event "Schneider Memorial op"]
[Site "Budapest"]
[Date "1991.??.??"]
[Round "1"]
[White "Goczan, Laszlo"]
[Black "O'Donnell, Tom"]
[Result "1/2-1/2"]
[WhiteElo "2230"]
[BlackElo "2375"]
[PlyCount "41"]
[EventDate "1991.??.??"]
[EventType "swiss"]
[EventRounds "11"]
[EventCountry "HUN"]
[SourceTitle "TD"]
[Source "ChessBase"]
[SourceDate "1994.03.01"]
[SourceVersion "1"]
[SourceVersionDate "1994.03.01"]
[SourceQuality "1"]

1. d4 d5 2. Nf3 c6 3. c3 Nf6 4. Bf4 g6 5. h3 Bg7 6. e3 0-0 7. Bd3 Re8 8. Nbd2 Nbd7 9. Ne5 Nf8 10. Qc2 N6d7 11. 0-0 Nxe5 12. Bxe5 Bxe5 13. dxe5 Ne6 14. b4 a5 15. f4 Qb6 16. Rae1 Ng7 17. a3 axb4 18. axb4 Nf5 19. Rf3 f6 20. Nb3 Ng7 21. Nd4 1/2-1/2

[Event "Budapest Spring op 06th"]
[Site "Budapest"]
[Date "1990.??.??"]
[Round "1"]
[White "Zeitlein, Michael"]
[Black "Goczan, Laszlo"]
[Result "1-0"]
[WhiteElo "2465"]
[BlackElo "2215"]
[PlyCount "99"]
[EventDate "1990.03.??"]
[EventType "swiss"]
[EventRounds "9"]
[EventCountry "HUN"]
[SourceTitle "CBM 017 Extra"]
[Source "ChessBase"]
[SourceDate "1990.09.01"]
[SourceVersion "1"]
[SourceVersionDate "1990.09.01"]
[SourceQuality "1"]

1. Nf3 Nf6 2. d4 g6 3. Bg5 Ne4 4. Bh4 c5 5. Nbd2 Nxd2 6. Qxd2 Bg7 7. c3 cxd4 8. cxd4 d6 9. e3 Nd7 10. Bd3 Nf6 11. 0-0 0-0 12. h3 Be6 13. e4 Qb6 14. Rfe1 Rfe8 15. Bg5 Rac8 16. d5 Bd7 17. Be3 Qd8 18. Bxa7 e6 19. dxe6 Bxe6 20. Qb4 Ra8 21. Bb6 Qe7 22. a4 Nd7 23. Bd4 Nc5 24. Bb5 Bd7 25. Bxg7 Kxg7 26. e5 Bxb5 27. Qxb5 Qd7 28. Qxd7 Nxd7 29. exd6 Rxe1+ 30. Rxe1 Ra6 31. Ne5 Rxd6 32. Nxd7 Rxd7 33. Re4 h5 34. g3 Kf6 35. Kg2 Rd3 36. Rb4 Rd7 37. Kf3 Ke7 38. Ke4 Ke6 39. h4 Ke7 40. a5 Rc7 41. Kd3 Kd6 42. Rd4+ Ke5 43. Rc4 Rd7+ 44. Kc3 Re7 45. Kb4 Kd6 46. Kb5 Re2 47. b4 Rxf2 48. Kb6 Rb2 49. Kxb7 Kd5 50. Rf4 1-0